00414 2200157 4500001002100000008004100021035002000062245006800082100001900150250000600169260003300175084001400208082000800222650001400230990001200244INLIS000000000001479 ind  a0010-1124000002 a1700 Bank Soal Bimbingan Matematika Untuk SMA/MAcAhmad Zaelani aZaelani, Ahmad a1 aBandung :bIrama Widyac2011 a510 AHM b a510 aNon Fiksi a0715307